Informe de la consulta sobre El evangelio y la cultura / (Record no. 5939)
[ view plain ]
| 000 -LEADER | |
|---|---|
| campo de control de longitud fija | 00767ntaaa2200229 4500 |
| 003 - IDENTIFICADOR DE NÚMERO DE CONTROL | |
| campo de control | 01 |
| 005 - FECHA Y HORA DE LA ÚLTIMA TRANSACCIÓN | |
| campo de control | 20251027201152.0 |
| 008 - DATOS DE LONGITUD FIJA--INFORMACIÓN GENERAL | |
| campo de control de longitud fija | 0714s1973 ag 01 |
| 040 ## - FUENTE DE CATALOGACIÓN | |
| Centro catalogador/agencia de origen | AR-BaBN |
| Lengua de catalogación | spa |
| Centro/agencia transcriptor | AR-BaBN |
| Normas de descripción | aacr |
| Centro/agencia modificador | RIC |
| 082 ## - NÚMERO DE LA CLASIFICACIÓN DECIMAL DEWEY | |
| Número de clasificación | 269 In3e |
| 100 ## - ENTRADA PRINCIPAL--NOMBRE DE PERSONA | |
| Nombre de persona | El informe Willowbank |
| 9 (RLIN) | 9479 |
| 110 ## - ENTRADA PRINCIPAL--NOMBRE DE ENTIDAD CORPORATIVA | |
| Nombre de entidad corporativa o nombre de jurisdicción como elemento de entrada | Comité Lausana para la evangelización Mundial |
| 9 (RLIN) | 9480 |
| 245 ## - MENCIÓN DEL TÍTULO | |
| Título | Informe de la consulta sobre El evangelio y la cultura / |
| Mención de responsabilidad, etc. | El informe Willowbank |
| 250 ## - MENCION DE EDICION | |
| Mención de edición | 1 ed. |
| 260 ## - PUBLICACIÓN, DISTRIBUCIÓN, ETC. | |
| Lugar de publicación, distribución, etc. | San José (CR) : |
| Nombre del editor, distribuidor, etc. | Visión Mundial Internacional, |
| Fecha de publicación, distribución, etc. | 1978 |
| 300 ## - DESCRIPCIÓN FÍSICA | |
| Extensión | 48 p. ; |
| Dimensiones | 21 cm |
| 500 ## - NOTA GENERAL | |
| Nota general | Consulta celebrada en Willowbank, Sommerset Bridge, Bermudas, entre el 6 y el 13 de enero de 1978 |
| 650 ## - PUNTO DE ACCESO ADICIONAL DE MATERIA--TÉRMINO DE MATERIA | |
| Término de materia o nombre geográfico como elemento de entrada | EVANGELISMO |
| 9 (RLIN) | 336 |
| 650 ## - PUNTO DE ACCESO ADICIONAL DE MATERIA--TÉRMINO DE MATERIA | |
| Término de materia o nombre geográfico como elemento de entrada | ECUMENISMO |
| 650 ## - PUNTO DE ACCESO ADICIONAL DE MATERIA--TÉRMINO DE MATERIA | |
| Término de materia o nombre geográfico como elemento de entrada | CULTURA |
| 9 (RLIN) | 2043 |
| 942 ## - ELEMENTOS DE ENTRADA SECUNDARIOS (KOHA) | |
| Tipo de ítem Koha | Colección General |
| Estatus retirado | Estado de pérdida | Estado de daño | No para préstamo | Biblioteca de origen | Biblioteca actual | Fecha de adquisición | Número de inventario | Total de préstamos | Signatura topográfica completa | Código de barras | Visto por última vez | Precio de reemplazo | Tipo de ítem Koha |
|---|---|---|---|---|---|---|---|---|---|---|---|---|---|
| Biblioteca Pluis | Biblioteca Pluis | 27/10/2025 | 041868 | 269 In3e | 041868 | 27/10/2025 | 27/10/2025 | Colección General | |||||
| Biblioteca Pluis | Biblioteca Pluis | 27/10/2025 | 041869 | 269 In3e | 041869 | 27/10/2025 | 27/10/2025 | Colección General | |||||
| Biblioteca Pluis | Biblioteca Pluis | 27/10/2025 | 041870 | 269 In3e | 041870 | 27/10/2025 | 27/10/2025 | Colección General | |||||
| Biblioteca Pluis | Biblioteca Pluis | 27/10/2025 | 042973 | 269 In3e | 042973 | 27/10/2025 | 27/10/2025 | RESERVADO | |||||
| Biblioteca Pluis | Biblioteca Pluis | 27/10/2025 | 042976 | 269 In3e | 042976 | 27/10/2025 | 27/10/2025 | RESERVADO | |||||
| Biblioteca Pluis | Biblioteca Pluis | 27/10/2025 | 042975 | 269 In3e | 042975 | 27/10/2025 | 27/10/2025 | RESERVADO | |||||
| Biblioteca Pluis | Biblioteca Pluis | 27/10/2025 | 042974 | 269 In3e | 042974 | 27/10/2025 | 27/10/2025 | RESERVADO | |||||
| Biblioteca Pluis | Biblioteca Pluis | 27/10/2025 | 039217 | 269 In3e | 039217 | 27/10/2025 | 27/10/2025 | Colección General |
